[Event "World Youth Open U16 2016"]
[Site "Khanty-Mansiysk RUS"]
[Date "2016.09.28"]
[Round "6.38"]
[White "Sezdbekov, Arzybek"]
[Black "Garbowski, Jakub"]
[Result "0-1"]
[WhiteElo "1861"]
[BlackElo "2030"]
[WhiteFideId "13802046"]
[BlackFideId "1164929"]
[EventDate "2016.09.22"]

1. e4 c5 2. Nc3 e6 3. Nf3 d6 4. d4 cxd4 5. Nxd4 Nf6 6. Bd3 Be7 7. O-O a6 8. a4
b6 9. Qe2 O-O 10. f4 Bb7 11. Be3 Nbd7 12. Nb3 Qc7 13. g4 d5 14. e5 Ne4 15. Bxe4
dxe4 16. Rad1 Rfd8 17. Qf2 Rac8 18. Nd4 Bc5 19. Nce2 Nb8 20. c3 Nc6 21. b4 Bxd4
22. Bxd4 Nxd4 23. Rxd4 Rxd4 24. cxd4 e3 25. Qxe3 Qc6 26. Qg3 Qe4 27. Re1 Rc2 28.
Kf1 Bd5 29. f5 Bc4 30. Qg2 Rxe2 31. Rxe2 Qxg2+ 32. Kxg2 Bxe2 0-1

[Event "World Youth Open U16 2016"]
[Site "Khanty-Mansiysk RUS"]
[Date "2016.09.28"]
[Round "6.39"]
[White "Marais, Daniel"]
[Black "Khodashneli, Shota"]
[Result "0-1"]
[WhiteElo "1850"]
[BlackElo "1926"]
[WhiteFideId "14309440"]
[BlackFideId "13616757"]
[EventDate "2016.09.22"]

1. e4 e5 2. Nf3 Nc6 3. Nc3 Nf6 4. d4 exd4 5. Nd5 Nxd5 6. exd5 Bb4+ 7. Bd2 Qe7+
8. Be2 Ne5 9. O-O Nxf3+ 10. Bxf3 O-O 11. Re1 Qd6 12. Re4 Bxd2 13. Qxd2 Qxd5 14.
Rg4 Qe5 15. Re1 Qf6 16. Rxd4 d6 17. h4 Bd7 18. Rf4 Qxb2 19. Re7 Bc6 20. Bh5 g6
21. Rd4 Rae8 22. Rxc7 Qb6 23. Rxc6 bxc6 24. Rxd6 Rd8 25. Bf3 Qb1+ 26. Kh2 Qb8 0-1

[Event "World Youth Open U16 2016"]
[Site "Khanty-Mansiysk RUS"]
[Date "2016.09.28"]
[Round "6.40"]
[White "Herath, H M A K"]
[Black "Van der Meer, Anthony"]
[Result "1-0"]
[WhiteElo "1860"]
[BlackElo "1073"]
[WhiteFideId "9910859"]
[BlackFideId "15200760"]
[EventDate "2016.09.22"]

1. e4 e5 2. f4 exf4 3. Bc4 Qh4+ 4. Kf1 Bd6 5. Nf3 Qe7 6. Nc3 Nf6 7. Qe2 Nc6 8.
d4 Nh5 9. e5 Bb4 10. Nd5 Qd8 11. c3 Ba5 12. Nxf4 Nxf4 13. Bxf4 O-O 14. Bd3 Ne7
15. Qe4 Ng6 16. Bg5 Qe8 17. h4 Qe6 18. h5 d5 19. exd6 Qxe4 20. Bxe4 Nh8 21. Be7
Re8 22. Ng5 g6 23. hxg6 Nxg6 24. Nxh7 1-0

[Event "World Youth Open U16 2016"]
[Site "Khanty-Mansiysk RUS"]
[Date "2016.09.28"]
[Round "6.41"]
[White "Wang, Ting-Hao"]
[Black "Min, Po-Yen"]
[Result "0-1"]
[WhiteElo "1618"]
[BlackElo "1842"]
[WhiteFideId "16300602"]
[BlackFideId "16300203"]
[EventDate "2016.09.22"]

1. c4 e5 2. Nc3 Nf6 3. g3 c6 4. d4 exd4 5. Qxd4 Be7 6. Bf4 d5 7. Bxb8 Rxb8 8.
Qxa7 Be6 9. cxd5 Nxd5 10. Rd1 Qc7 11. e4 Nxc3 12. bxc3 O-O 13. Rb1 Qe5 14. Qd4
Qa5 15. Ne2 Qxa2 16. Qb6 Qc2 17. f3 Rfd8 18. Rc1 Qa2 19. Qb1 Qd2+ 20. Kf2 Bc5+
21. Kg2 Qe3 22. Nd4 Bxd4 23. cxd4 Rxd4 24. Rc2 Rd2+ 25. Rxd2 Qxd2+ 26. Kg1 Qe3+
27. Kg2 Rd8 28. g4 Bxg4 0-1

[Event "World Youth Open U16 2016"]
[Site "Khanty-Mansiysk RUS"]
[Date "2016.09.28"]
[Round "6.42"]
[White "Hsieh, Wen-Chin"]
[Black "Van Der Lingen, Cornelis Petrus"]
[Result "1/2-1/2"]
[WhiteElo "1063"]
[BlackElo "1826"]
[WhiteFideId "16301013"]
[BlackFideId "14306620"]
[EventDate "2016.09.22"]

1. e4 e5 2. Nf3 Nc6 3. Bb5 a6 4. Bxc6 dxc6 5. O-O Bd6 6. d4 exd4 7. Qxd4 f6 8.
Re1 Ne7 9. e5 fxe5 10. Nxe5 O-O 11. Bg5 Bxe5 12. Qxd8 Rxd8 13. Nc3 Bxc3 14. bxc3
Re8 15. Bxe7 Kf7 16. Bh4 Bf5 17. Rac1 Rxe1+ 18. Rxe1 Re8 19. Kf1 Bxc2 20. f3
Bd3+ 21. Kf2 Rxe1 22. Kxe1 Ke6 23. Kd2 Bf1 24. g3 Bc4 25. a3 h6 26. f4 c5 27.
Ke3 b5 28. g4 Kd5 29. Be7 a5 30. Bf8 h5 31. gxh5 b4 32. cxb4 cxb4 33. Bxg7 Ke6
34. Kd4 Bb3 35. axb4 axb4 36. Kc5 Bc2 37. Kxb4 Kf5 38. Be5 Kg4 39. h6 Kh5 40.
Bxc7 Kxh6 41. Kc3 Bf5 42. Bd8 Kg6 43. h4 Bh3 44. Bg5 Bc8 45. Kd4 1/2-1/2

[Event "World Youth Open U16 2016"]
[Site "Khanty-Mansiysk RUS"]
[Date "2016.09.29"]
[Round "7.1"]
[White "Martirosyan, Haik M."]
[Black "Sorokin, Aleksey"]
[Result "1-0"]
[WhiteTitle "IM"]
[BlackTitle "FM"]
[WhiteElo "2470"]
[BlackElo "2437"]
[WhiteFideId "13306553"]
[BlackFideId "24176460"]
[EventDate "2016.09.22"]

1. d4 Nf6 2. c4 g6 3. f3 d5 4. cxd5 Nxd5 5. e4 Nb6 6. Nc3 Bg7 7. Be3 O-O 8. Qd2
Nc6 9. O-O-O Qd6 10. Kb1 Rd8 11. Nb5 Qd7 12. d5 a6 13. Nc3 Qe8 14. Qe1 Na7 15.
h4 Nb5 16. Nge2 Nc4 17. Bc1 e6 18. h5 Qe7 19. hxg6 hxg6 20. a4 Qb4 21. Kc2 Nxc3
22. Nxc3 exd5 23. Bxc4 Qxc4 24. Qh4 Be6 25. Qh7+ Kf8 26. Bh6 Bxh6 27. Qxh6+ Ke7
28. exd5 Bf5+ 29. Kc1 Qb3 30. Qd2 b5 31. Rh7 b4 32. Qe2+ Kd7 33. Ne4 Kc8 34. g4
Bxe4 35. Qxe4 Qxa4 36. Rxf7 Qa1+ 37. Kd2 Qxb2+ 38. Ke3 Qc3+ 39. Kf4 Rd6 40. Rd4
Qc1+ 41. Kg3 Qg1+ 42. Kh4 a5 43. Rxc7+ Kb8 44. Qe8+ 1-0

[Event "World Youth Open U16 2016"]
[Site "Khanty-Mansiysk RUS"]
[Date "2016.09.29"]
[Round "7.2"]
[White "Maghsoodloo, Parham"]
[Black "Tabatabaei, M.amin"]
[Result "1/2-1/2"]
[BlackTitle "IM"]
[WhiteElo "2566"]
[BlackElo "2493"]
[WhiteFideId "12539929"]
[BlackFideId "12521213"]
[EventDate "2016.09.22"]

1. d4 Nf6 2. c4 g6 3. Nc3 Bg7 4. e4 d6 5. Nf3 O-O 6. Be2 e5 7. O-O Nc6 8. d5 Ne7
9. Ne1 Nd7 10. Be3 f5 11. f3 f4 12. Bf2 g5 13. Rc1 Ng6 14. c5 Nxc5 15. b4 Na6
16. Nd3 Rf7 17. Nb5 Bf8 18. Nxa7 Bd7 19. a4 h5 20. Nb5 Rg7 21. Be1 Nh8 22. Nf2
Nf7 23. h3 Nh6 24. Rc4 Be7 25. Rc3 Qf8 26. a5 c6 27. dxc6 bxc6 28. Na3 Nxb4 29.
Nc4 Be6 30. Rc1 c5 31. Bxb4 cxb4 32. a6 Rxa6 33. Nxe5 dxe5 34. Bxa6 g4 35. hxg4
hxg4 36. Rc6 Qf7 37. fxg4 Nxg4 38. Bc4 Bxc4 39. Nxg4 Bg5 40. Rc8+ Kh7 41. Nxe5
Qa7+ 42. Rf2 Bf7 43. Nxf7 Qxf7 44. Rc6 Bh6 45. e5 Qf5 46. Qc2 Qxc2 47. Rcxc2 Rb7
48. Rb2 Kg6 49. Rfc2 Kf5 50. Rc4 Bf8 51. Kf2 Kxe5 52. Kf3 Bd6 53. Rxf4 b3 54.
Re4+ Kd5 55. Ra4 Be5 56. Rb1 b2 57. Ra5+ Ke6 58. Ke4 Rb4+ 59. Kd3 Rb3+ 60. Ke4
Rb4+ 61. Kd3 Rb3+ 62. Ke2 Bf4 63. Rc5 Bc1 64. Rcxc1 bxc1=Q 65. Rxc1 Kf7 66. Kf2
Rb8 67. Rc3 Kg7 68. g4 Rb4 69. Kg3 Ra4 70. Kh4 Ra5 71. Rc6 Rd5 72. Re6 Ra5 73.
Re4 Rb5 74. Re1 Ra5 75. Rf1 Rb5 76. Kg3 Rb3+ 77. Kf4 Rb5 78. Re1 Kf6 79. Re4 Ra5
80. Rb4 Rc5 81. Rb6+ Kg7 82. Re6 Kf7 83. Re5 Rxe5 84. Kxe5 Kg6 85. Kf4 Kf6 86.
g5+ Kf7 87. Kf5 Kg7 88. g6 Kg8 89. Kg4 Kh8 90. Kh4 Kg8 91. Kg5 Kg7 92. Kf5 Kg8
93. Kf6 Kf8 94. g7+ Kg8 95. Kg6 1/2-1/2

[Event "World Youth Open U16 2016"]
[Site "Khanty-Mansiysk RUS"]
[Date "2016.09.29"]
[Round "7.3"]
[White "Livaic, Leon"]
[Black "Moroni, Luca Jr"]
[Result "0-1"]
[WhiteTitle "FM"]
[BlackTitle "FM"]
[WhiteElo "2436"]
[BlackElo "2459"]
[WhiteFideId "14531534"]
[BlackFideId "865834"]
[EventDate "2016.09.22"]

1. d4 Nf6 2. c4 e6 3. Nc3 Bb4 4. f3 c5 5. d5 b5 6. e4 O-O 7. e5 Ne8 8. f4 exd5
9. cxd5 d6 10. Nf3 Nc7 11. Bd3 c4 12. Be4 f5 13. exf6 Qxf6 14. O-O Bf5 15. Re1
Bxc3 16. bxc3 Bxe4 17. Rxe4 Nd7 18. Ba3 Rae8 19. Rxe8 Rxe8 20. Qd4 Qxd4+ 21.
Nxd4 a6 22. Bxd6 Nxd5 23. a4 Nxc3 24. axb5 Nxb5 25. Nxb5 axb5 26. Ra7 Nf6 27.
Be5 b4 28. Rc7 c3 29. Kf1 Nd5 30. Rc5 Rxe5 31. fxe5 b3 32. e6 Kf8 0-1

[Event "World Youth Open U16 2016"]
[Site "Khanty-Mansiysk RUS"]
[Date "2016.09.29"]
[Round "7.4"]
[White "Triapishko, Olexandr"]
[Black "Ozen, Bahadir"]
[Result "1-0"]
[BlackTitle "FM"]
[WhiteElo "2458"]
[BlackElo "2304"]
[WhiteFideId "14122286"]
[BlackFideId "6337058"]
[EventDate "2016.09.22"]

1. e4 e5 2. Nf3 Nc6 3. Nc3 g6 4. Bc4 Bg7 5. d3 Nf6 6. O-O O-O 7. Nd5 Nxd5 8.
Bxd5 d6 9. c3 h6 10. Re1 Kh7 11. d4 Bg4 12. Bxc6 bxc6 13. dxe5 Bxe5 14. h3 Bxf3
15. Qxf3 Qh4 16. Be3 c5 17. Rac1 a5 18. Rc2 Rab8 19. a4 Rbe8 20. Qg4 Qe7 21.
Rce2 h5 22. Qg5 Bf6 23. Qh6+ Kg8 24. Bc1 Qd7 25. f4 Re6 26. f5 gxf5 27. Qxh5
fxe4 28. Rxe4 Bg7 29. Rxe6 fxe6 30. Qg4 Rf6 31. Bg5 Rf5 32. Re3 Qf7 33. h4 Kh8
34. Rf3 d5 35. h5 Be5 36. Rxf5 exf5 37. Qf3 Qe6 38. Bf4 Bxf4 39. Qxf4 Kh7 40.
Kf2 Qe4 41. Qxc7+ Kh6 42. Qxc5 Kxh5 43. Qd4 Qc2+ 44. Kg3 Qxb2 45. Kf4 Kg6 46. g3
Qc1+ 47. Qe3 Qf1+ 48. Ke5 Qc4 49. Qb6+ Kg5 50. Qf6+ Kg4 51. Qh4+ Kf3 52. Qxc4
dxc4 53. Kxf5 Ke3 54. g4 Kd3 55. g5 Kxc3 56. g6 Kb2 57. g7 c3 58. g8=Q c2 59.
Qb8+ Ka2 60. Qc7 Kb1 61. Qb6+ Ka1 62. Qc5 Kb1 63. Ke4 c1=Q 64. Qxc1+ Kxc1 65.
Kd3 Kd1 66. Kc4 Kc2 67. Kb5 Kb3 68. Kxa5 Kc4 69. Kb6 Kd5 70. a5 Kd6 71. a6 Kd7
72. a7 Ke7 73. a8=Q Kd7 74. Qe4 Kc8 75. Qe8# 1-0

[Event "World Youth Open U16 2016"]
[Site "Khanty-Mansiysk RUS"]
[Date "2016.09.29"]
[Round "7.5"]
[White "Costachi, Mihnea"]
[Black "Raghunandan, Kaumandur Srihari"]
[Result "0-1"]
[WhiteTitle "FM"]
[BlackTitle "FM"]
[WhiteElo "2420"]
[BlackElo "2451"]
[WhiteFideId "1217518"]
[BlackFideId "25004964"]
[EventDate "2016.09.22"]

1. d4 Nf6 2. c4 g6 3. Nc3 Bg7 4. Nf3 O-O 5. g3 d6 6. Bg2 Nc6 7. O-O a6 8. h3 h6
9. e4 e5 10. Be3 Kh7 11. Qc2 exd4 12. Nxd4 Ng4 13. hxg4 Nxd4 14. Qd2 Nc6 15. g5
hxg5 16. Bxg5 Bxc3 17. bxc3 f6 18. Be3 Be6 19. c5 dxc5 20. Qb2 b6 21. Rad1 Qe7
22. e5 Nxe5 23. Bxa8 Rxa8 24. Bc1 Bg4 25. f4 Nf3+ 26. Kf2 Re8 27. c4 Qe4 28. f5
Nd4 29. Kg1 Bxd1 30. Rxd1 Qf3 31. Qh2+ Kg8 32. Rf1 Ne2+ 0-1

[Event "World Youth Open U16 2016"]
[Site "Khanty-Mansiysk RUS"]
[Date "2016.09.29"]
[Round "7.6"]
[White "Zhu, Yi"]
[Black "Gholami, Aryan"]
[Result "1/2-1/2"]
[WhiteTitle "FM"]
[BlackTitle "FM"]
[WhiteElo "2296"]
[BlackElo "2435"]
[WhiteFideId "8607435"]
[BlackFideId "12513342"]
[EventDate "2016.09.22"]

1. d4 Nf6 2. c4 e6 3. g3 c5 4. Nf3 cxd4 5. Nxd4 Nc6 6. Bg2 Bc5 7. Nb3 Be7 8. O-O
d6 9. Nc3 O-O 10. Bf4 Nh5 11. Be3 Ne5 12. Qd4 Nc6 13. Qd1 Ne5 14. Qd4 Nc6 15.
Qe4 f5 16. Qc2 f4 17. Bd2 Ne5 18. Nb5 Rf7 19. Rab1 Rb8 20. Be4 1/2-1/2

[Event "World Youth Open U16 2016"]
[Site "Khanty-Mansiysk RUS"]
[Date "2016.09.29"]
[Round "7.7"]
[White "Nguyen, Dang Hong Phuc"]
[Black "Tahbaz, Arash"]
[Result "0-1"]
[WhiteElo "2209"]
[BlackElo "2420"]
[WhiteFideId "12402761"]
[BlackFideId "12528846"]
[EventDate "2016.09.22"]

1. d4 Nf6 2. Nf3 g6 3. g3 Bg7 4. Bg2 O-O 5. c4 d6 6. O-O Nbd7 7. Nc3 e5 8. Qc2
Re8 9. b3 c6 10. Rd1 Qe7 11. e4 exd4 12. Nxd4 Nc5 13. f3 a5 14. Bb2 Nfd7 15.
Nce2 Ne5 16. Bc3 h5 17. Be1 f5 18. exf5 Ned3 19. Rxd3 Nxd3 20. Qxd3 c5 21. Bf2
cxd4 22. Nxd4 Bxd4 23. Qxd4 Bxf5 24. f4 Kh7 25. Rd1 a4 26. b4 a3 27. Rd2 Rac8
28. Bd5 Qg7 29. Qxg7+ Kxg7 30. Bd4+ Kh7 31. Kf2 Be4 32. Bxe4 Rxe4 33. c5 dxc5
34. Bxc5 b6 35. Rd7+ Kg8 36. Bxb6 Rc2+ 37. Kf3 Rxb4 38. Bd4 Rxa2 39. Ke3 Rxh2
40. Rg7+ Kf8 41. Rxg6 Ra4 42. Rc6 Rh1 0-1

[Event "World Youth Open U16 2016"]
[Site "Khanty-Mansiysk RUS"]
[Date "2016.09.29"]
[Round "7.8"]
[White "Tiglon, Bryce"]
[Black "Fakhrutdinov, Timur"]
[Result "1/2-1/2"]
[WhiteTitle "FM"]
[BlackTitle "FM"]
[WhiteElo "2292"]
[BlackElo "2419"]
[WhiteFideId "2087456"]
[BlackFideId "24176702"]
[EventDate "2016.09.22"]

1. e4 c5 2. Nf3 d6 3. d4 cxd4 4. Nxd4 Nf6 5. Nc3 e6 6. Be3 Be7 7. g4 Nc6 8. g5
Nd7 9. h4 a6 10. Qe2 Nxd4 11. Bxd4 O-O 12. O-O-O b5 13. a3 Rb8 14. f4 Bb7 15.
Bh3 a5 16. Nxb5 Bxe4 17. Qxe4 Rxb5 18. f5 exf5 19. Qc6 Re5 20. Bxe5 Nxe5 21. Qb7
g6 22. Rhe1 Re8 23. Rxe5 Bxg5+ 24. Kb1 Rxe5 25. hxg5 Qxg5 26. Qb8+ Kg7 27. Qxd6
f4 28. Qd4 Qf6 29. c4 f3 30. Ka2 h5 31. c5 f2 32. Rf1 Re2 33. Qxf6+ Kxf6 34. c6
Rc2 35. Rxf2+ Rxf2 36. c7 Rc2 37. c8=Q Rxc8 38. Bxc8 Ke5 39. Kb3 f5 40. Kc4 h4
41. a4 h3 42. b4 axb4 43. Kxb4 Kd6 44. Kb5 Kc7 45. Be6 Kd6 46. Bc8 Kc7 47. Be6
Kd6 1/2-1/2

[Event "World Youth Open U16 2016"]
[Site "Khanty-Mansiysk RUS"]
[Date "2016.09.29"]
[Round "7.9"]
[White "Doluweera, Minul Sanjula"]
[Black "Pultinevicius, Paulius"]
[Result "0-1"]
[WhiteTitle "CM"]
[WhiteElo "2127"]
[BlackElo "2351"]
[WhiteFideId "9910760"]
[BlackFideId "12809390"]
[EventDate "2016.09.22"]

1. d4 Nf6 2. Nf3 b6 3. c4 e6 4. a3 Bb7 5. Nc3 Be7 6. d5 O-O 7. e4 d6 8. Bd3 Nbd7
9. dxe6 fxe6 10. Ng5 Nc5 11. b4 Nxd3+ 12. Qxd3 Qd7 13. f4 Nh5 14. Nh3 Bh4+ 15.
g3 Bf6 16. Bb2 Bxc3+ 17. Bxc3 e5 18. f5 Nf6 19. Nf2 Nxe4 20. O-O Ng5 0-1

[Event "World Youth Open U16 2016"]
[Site "Khanty-Mansiysk RUS"]
[Date "2016.09.29"]
[Round "7.10"]
[White "Carnicelli, Valerio"]
[Black "Tran, Minh Thang"]
[Result "0-1"]
[BlackTitle "FM"]
[WhiteElo "2329"]
[BlackElo "2293"]
[WhiteFideId "856185"]
[BlackFideId "12401080"]
[EventDate "2016.09.22"]

1. e4 c5 2. Nf3 e6 3. d4 cxd4 4. Nxd4 a6 5. Bd3 Bc5 6. Nb3 Ba7 7. Nc3 Nc6 8. Qe2
d6 9. Be3 Nf6 10. O-O-O O-O 11. f4 Qc7 12. Bxa7 Rxa7 13. g4 b5 14. g5 Nd7 15.
Qh5 b4 16. Ne2 Nc5 17. Rhg1 Na5 18. Nxa5 Qxa5 19. Kb1 Bb7 20. Ng3 Nxd3 21. Rxd3
Qc5 22. Rgd1 a5 23. f5 a4 24. f6 gxf6 25. Nf5 Bxe4 26. gxf6 Kh8 27. Qg4 Rg8 28.
Qxe4 exf5 29. Qd4 Rc7 30. Qxc5 dxc5 31. Rf3 h6 32. Rxf5 Rg2 33. h4 Kh7 34. h5
Rg5 35. Rdf1 Rd7 36. c4 bxc3 37. bxc3 Rd2 38. R5f4 Rxh5 39. Re4 Rdh2 40. Rg4 Rh1 0-1

[Event "World Youth Open U16 2016"]
[Site "Khanty-Mansiysk RUS"]
[Date "2016.09.29"]
[Round "7.11"]
[White "Hilby, Craig"]
[Black "Trubchaninov, Timur"]
[Result "1/2-1/2"]
[WhiteTitle "FM"]
[WhiteElo "2319"]
[BlackElo "2233"]
[WhiteFideId "2062674"]
[BlackFideId "24176931"]
[EventDate "2016.09.22"]

1. e4 c5 2. Nf3 d6 3. d4 Nf6 4. Nc3 cxd4 5. Nxd4 Nc6 6. Bg5 e6 7. Qd2 a6 8.
O-O-O Bd7 9. f3 b5 10. Kb1 Ne5 11. f4 b4 12. fxe5 bxc3 13. exf6 cxd2 14. fxg7
Bxg7 15. Bxd8 Kxd8 16. Rxd2 Ke7 17. Be2 Rhb8 18. c3 Rb6 19. Rf1 Be5 20. g3 Rc8
21. Ka1 Rc5 22. Bd3 Be8 23. a3 Bg7 24. Ka2 Rc7 25. Be2 Rc5 26. Bd1 a5 27. Rdf2
f6 28. Ka1 Re5 29. Bc2 Bg6 30. Nf3 Rc5 31. Nh4 Bf7 32. Bd3 h5 33. Ng2 Rb8 34.
Ne3 Bg6 35. Ng2 Bh7 36. Nf4 Re5 37. Re2 Bh6 38. Bb1 Rg8 39. Ref2 Bxe4 40. Bxe4
Rxe4 41. Nxh5 f5 42. Nf4 Rg4 43. Kb1 d5 44. Nxd5+ exd5 45. Rxf5 Kd6 46. Rd1 Re5
47. Rf6+ Re6 48. Rf5 Re5 49. Rf6+ Re6 50. Rf5 1/2-1/2

[Event "World Youth Open U16 2016"]
[Site "Khanty-Mansiysk RUS"]
[Date "2016.09.29"]
[Round "7.12"]
[White "Laurent-Paoli, Pierre"]
[Black "Mustafin, Andrey"]
[Result "0-1"]
[WhiteTitle "FM"]
[BlackTitle "FM"]
[WhiteElo "2305"]
[BlackElo "2242"]
[WhiteFideId "26017962"]
[BlackFideId "13406744"]
[EventDate "2016.09.22"]

1. d4 d6 2. c4 e5 3. Nf3 e4 4. Ng5 f5 5. g3 Be7 6. h4 c6 7. Nc3 Nf6 8. Nh3 Be6
9. e3 O-O 10. Ng5 Bd7 11. Be2 Na6 12. Rb1 Nc7 13. b4 Be8 14. a4 h6 15. Nh3 Bf7
16. Ba3 Nd7 17. h5 Nb6 18. Qb3 d5 19. c5 Nc4 20. Bxc4 dxc4 21. Qa2 b5 22. axb5
Nxb5 23. Nxb5 cxb5 24. Nf4 Bg5 25. Qe2 Bxf4 26. gxf4 a5 27. bxa5 Rxa5 28. Bb4
Ra4 29. Bc3 Ra3 30. Qd2 Qd7 31. Rg1 Qd5 32. Rxb5 Rfa8 33. Qb2 Rb3 34. Rxb3 cxb3
35. Qd2 Ra2 36. Bb2 Qc4 37. d5 Qd3 38. Qc3 Qxc3+ 39. Bxc3 b2 40. Rxg7+ Kf8 41.
Bxb2 Rxb2 42. Rh7 Rb1+ 43. Kd2 Rb5 44. Rh8+ Kg7 45. Rc8 Bxd5 46. Kc3 Be6 47.
Rc7+ Kf6 48. c6 Rb1 49. Rh7 Rc1+ 50. Kd2 Rxc6 51. Rxh6+ Kg7 52. Rg6+ Kf7 53. Rg5
Rc8 54. Ke2 Rc1 55. Kd2 Rf1 56. Rg2 Bc4 57. Rh2 Kg7 58. Rg2+ Kf7 59. Rh2 Rg1 60.
Rh4 Rg7 61. Rh3 Kf6 0-1

[Event "World Youth Open U16 2016"]
[Site "Khanty-Mansiysk RUS"]
[Date "2016.09.29"]
[Round "7.13"]
[White "Cadilhac, Igor Tokuichi Kikuchi"]
[Black "Fawzy, Adham"]
[Result "1/2-1/2"]
[WhiteTitle "FM"]
[BlackTitle "IM"]
[WhiteElo "2269"]
[BlackElo "2451"]
[WhiteFideId "2132150"]
[BlackFideId "10613129"]
[EventDate "2016.09.22"]

1. e4 c5 2. Nf3 Nc6 3. Nc3 d6 4. d4 cxd4 5. Nxd4 e5 6. Nf5 Be6 7. Nd5 Nf6 8. Bg5
Bxd5 9. Bxf6 Qa5+ 10. c3 Bxe4 11. Bxg7 Rg8 12. Ng3 Rxg7 13. Nxe4 O-O-O 14. Ng3
d5 15. Be2 d4 16. O-O dxc3 17. Qc2 cxb2 18. Qxb2 Ba3 19. Qc2 Kb8 20. Nf5 Rg5 21.
Rfd1 e4 22. Rxd8+ Qxd8 23. Rb1 Qd7 24. Ng3 f5 25. Bb5 Rg6 26. Qc3 Be7 27. Nxf5 1/2-1/2

[Event "World Youth Open U16 2016"]
[Site "Khanty-Mansiysk RUS"]
[Date "2016.09.29"]
[Round "7.14"]
[White "Lobanov, Sergei"]
[Black "Mirzoyan, David"]
[Result "1-0"]
[BlackTitle "FM"]
[WhiteElo "2432"]
[BlackElo "2322"]
[WhiteFideId "24183750"]
[BlackFideId "13308386"]
[EventDate "2016.09.22"]

1. Nf3 Nf6 2. c4 b6 3. Nc3 Bb7 4. d4 e6 5. a3 d5 6. Bg5 Be7 7. e3 O-O 8. Rc1
Nbd7 9. cxd5 exd5 10. Be2 Ne4 11. Bxe7 Qxe7 12. O-O Ndf6 13. b4 Nxc3 14. Rxc3
Ne4 15. Rc1 f6 16. Qb3 c6 17. a4 a6 18. Rc2 Rac8 19. Rfc1 Nd6 20. Ne1 Kh8 21.
Nd3 Rfd8 22. b5 axb5 23. axb5 Nxb5 24. Nb4 Na7 25. Ra1 Ba8 26. Rca2 Rd7 27. Nd3
Rb7 28. Ra6 Qc7 29. Nb4 Rd8 30. Bf3 Qe7 31. Nxc6 Nxc6 32. Rxa8 Rdb8 33. Bxd5 1-0

[Event "World Youth Open U16 2016"]
[Site "Khanty-Mansiysk RUS"]
[Date "2016.09.29"]
[Round "7.15"]
[White "Nurzhanov, Timur"]
[Black "Gazik, Viktor"]
[Result "1-0"]
[BlackTitle "FM"]
[WhiteElo "2087"]
[BlackElo "2429"]
[WhiteFideId "13709780"]
[BlackFideId "14928752"]
[EventDate "2016.09.22"]

1. d4 Nf6 2. c4 g6 3. Nc3 Bg7 4. e4 O-O 5. f4 d6 6. Nf3 Na6 7. Bd3 Bg4 8. h3
Bxf3 9. Qxf3 Nd7 10. Be3 e5 11. dxe5 dxe5 12. f5 Bh6 13. O-O Bxe3+ 14. Qxe3 c6
15. Rad1 f6 16. fxg6 hxg6 17. c5 Naxc5 18. Qh6 Nxd3 19. Rxd3 Rf7 1-0

[Event "World Youth Open U16 2016"]
[Site "Khanty-Mansiysk RUS"]
[Date "2016.09.29"]
[Round "7.16"]
[White "Kevlishvili, Robby"]
[Black "Agmanov, Zhandos"]
[Result "1/2-1/2"]
[WhiteTitle "FM"]
[BlackTitle "FM"]
[WhiteElo "2402"]
[BlackElo "2316"]
[WhiteFideId "1040634"]
[BlackFideId "13708309"]
[EventDate "2016.09.22"]

1. e4 c5 2. Nf3 e6 3. b3 d5 4. exd5 exd5 5. Bb5+ Nc6 6. O-O Bd6 7. Bb2 Nf6 8.
Re1+ Be6 9. Be5 O-O 10. Bxc6 bxc6 11. Bxd6 Qxd6 12. h3 a5 13. Nc3 h6 14. Na4
Rab8 15. d3 Nd7 16. Qd2 Qc7 17. Re2 Rb4 18. Rae1 c4 19. Ne5 Nxe5 20. Rxe5 cxb3
21. cxb3 c5 22. Qe3 c4 23. d4 cxb3 24. axb3 Bd7 25. Nc5 Qd6 26. Ra1 Ra8 27. Qc3
Rb5 28. Rae1 Rb4 29. Re7 Be6 30. Rb7 Rxb7 31. Nxb7 Qb4 32. Qxb4 axb4 33. Nc5 Ra2
34. Nxe6 fxe6 35. Rxe6 Ra1+ 36. Kh2 Rd1 37. Rb6 Rxd4 1/2-1/2

[Event "World Youth Open U16 2016"]
[Site "Khanty-Mansiysk RUS"]
[Date "2016.09.29"]
[Round "7.17"]
[White "Janik, Igor"]
[Black "Mitrabha, Guha"]
[Result "1/2-1/2"]
[WhiteTitle "FM"]
[BlackTitle "FM"]
[WhiteElo "2322"]
[BlackElo "2286"]
[WhiteFideId "1159259"]
[BlackFideId "5057000"]
[EventDate "2016.09.22"]

1. e4 Nc6 2. d4 d5 3. e5 Bf5 4. Nd2 e6 5. Nb3 Qd7 6. Nf3 Nge7 7. Be2 Nc8 8. O-O
Be7 9. Bd2 Nb6 10. a4 O-O 11. Bc3 Qd8 12. a5 Nc4 13. Bxc4 dxc4 14. Nbd2 1/2-1/2

[Event "World Youth Open U16 2016"]
[Site "Khanty-Mansiysk RUS"]
[Date "2016.09.29"]
[Round "7.18"]
[White "Nikitenko, Mihail"]
[Black "Banzea, Alexandru-Bogdan"]
[Result "1-0"]
[BlackTitle "FM"]
[WhiteElo "2399"]
[BlackElo "2284"]
[WhiteFideId "13506862"]
[BlackFideId "1232622"]
[EventDate "2016.09.22"]

1. e4 c6 2. Nc3 d5 3. Nf3 Nf6 4. e5 Ne4 5. d4 Nxc3 6. bxc3 Bg4 7. h3 Bxf3 8.
Qxf3 e6 9. Rb1 Qc7 10. c4 Nd7 11. Qb3 Qb6 12. cxd5 exd5 13. c3 Qxb3 14. axb3 Be7
15. Bd3 g5 16. g3 Nf8 17. f4 gxf4 18. gxf4 Bh4+ 19. Kf1 Rg8 20. Rg1 Rxg1+ 21.
Kxg1 f6 22. Be3 fxe5 23. dxe5 Ng6 24. Kg2 Kd7 25. Kf3 Rf8 26. Bxg6 hxg6 27. Kg4
Be7 28. h4 Rh8 29. Rh1 Ke6 30. Bxa7 Ra8 31. Be3 Ra3 32. h5 gxh5+ 33. Rxh5 Rxb3
34. Rh7 d4 35. Bxd4 Ba3 36. c4 1-0